<?xml version="1.0" encoding="UTF-8"?>
<marc:record xmlns:marc="http://www.loc.gov/MARC21/slim">
   <marc:leader>00000nam a2200000 a 4500</marc:leader>
   <marc:datafield ind1="1" ind2=" " tag="100">
      <marc:subfield code="a">Clever, Joshua</marc:subfield>
      <marc:subfield code="4">ctb</marc:subfield>
      <marc:subfield code="e">Mitwirkende/-r</marc:subfield>
   </marc:datafield>
   <marc:datafield ind1="1" ind2=" " tag="100">
      <marc:subfield code="a">Morel, Marie-Pierre</marc:subfield>
      <marc:subfield code="4">ctb</marc:subfield>
      <marc:subfield code="e">Mitwirkende/-r</marc:subfield>
   </marc:datafield>
   <marc:datafield ind1=" " ind2=" " tag="653">
      <marc:subfield code="a">Pesto</marc:subfield>
   </marc:datafield>
   <marc:datafield ind1=" " ind2=" " tag="653">
      <marc:subfield code="a">Kochbuch</marc:subfield>
   </marc:datafield>
   <marc:datafield ind1="0" ind2="0" tag="245">
      <marc:subfield code="a">Pesto!</marc:subfield>
   </marc:datafield>
   <marc:datafield ind1="0" ind2="0" tag="245">
      <marc:subfield code="b">raffiniert &amp; frisch</marc:subfield>
   </marc:datafield>
   <marc:datafield ind1="0" ind2="0" tag="245">
      <marc:subfield code="c">von Joshua Clever. Fotos: Marie-Pierre Morel. [Übers. aus dem Franz. von Cornelia Langendorf. Red. der dt. Ausg.: Stephanie Kloster</marc:subfield>
   </marc:datafield>
   <marc:datafield ind1=" " ind2="1" tag="264">
      <marc:subfield code="a">Weil der Stadt</marc:subfield>
      <marc:subfield code="b">Hädecke</marc:subfield>
      <marc:subfield code="c">2011</marc:subfield>
   </marc:datafield>
   <marc:datafield ind1="1" ind2=" " tag="520">
      <marc:subfield code="a">Angaben aus der Verlagsmeldung

Pesto! : raffiniert &amp; frisch / von Joshua Clever

So einfach wie die Zutaten ist auch die Zubereitung von frischem Pesto: Kräuter, Nüsse und Olivenöl als Basis und ein Mörser oder Mixer als Handwerkszeug.
Doch dann kommt Raffinesse ins Spiel: neben dem Klassiker mit Basilikum und Knoblauch gibt es köstliche Geschmacksrichtungen von japanisch über indisch bis mexikanisch und sogar süß mit Schokolade, Zimt oder Zucker – die muss man einfach ausprobieren!
</marc:subfield>
   </marc:datafield>
   <marc:datafield ind1=" " ind2=" " tag="020">
      <marc:subfield code="a">9783775005937</marc:subfield>
      <marc:subfield code="9">9783775005937</marc:subfield>
   </marc:datafield>
   <marc:datafield ind1=" " ind2=" " tag="041">
      <marc:subfield code="a">ger</marc:subfield>
   </marc:datafield>
   <marc:datafield ind1=" " ind2=" " tag="300">
      <marc:subfield code="a">71 S.</marc:subfield>
   </marc:datafield>
</marc:record>
